000 00607cam a2200217 4500500
005 20260405003200.0
041 _afre
042 _adc
100 1 0 _aOrtoli, Sven
_eauthor
245 0 0 _aUn dernier café pour la route
260 _c2020.
500 _a47
690 _aBar
690 _aBoisson
690 _acafé
690 _aConvivialité
690 _aCovid-19
690 _aRestaurant
786 0 _nPhilosophie magazine | 145 | 1 | 2020-12-01 | p. 22-22 | 1951-1787
856 4 1 _uhttps://shs.cairn.info/magazine-philosophie-magazine-2020-12-1-page-22?lang=fr&redirect-ssocas=7080
999 _c2065111
_d2065111